Best Cities for Expats in 2022 - Statistics

General Stats
  • This quiz has been taken 81 times
  • The average score is 40 of 57
Answer Stats
Continent City % Correct
Europe Paris
93%
Europe London
90%
Europe Barcelona
89%
Europe Madrid
89%
Asia Singapore
89%
Europe Amsterdam
87%
Europe Milan
87%
North America New York City
87%
Europe Rome
87%
Oceania Sydney
87%
Asia Tokyo
87%
Europe Brussels
86%
Europe Dublin
86%
Asia Dubai
83%
Europe Munich
83%
North America Toronto
83%
Europe Berlin
82%
Africa Cape Town
82%
Oceania Melbourne
82%
Europe Stockholm
82%
Europe Vienna
82%
Europe Zurich
82%
Asia Hong Kong
80%
Europe Hamburg
79%
Asia Istanbul
79%
Europe Lisbon
79%
Asia Bangkok
77%
Europe Prague
77%
Europe Budapest
76%
Africa Cairo
76%
Europe Copenhagen
76%
Europe Frankfurt
76%
North America Vancouver
76%
Europe Moscow
75%
Asia Abu Dhabi
73%
Europe Geneva
72%
Africa Johannesburg
72%
Asia Kuala Lumpur
72%
North America Mexico City
72%
South America Santiago
72%
Asia Shanghai
70%
Europe Warsaw
69%
Europe Rotterdam
65%
Asia Doha
62%
Asia Riyadh
54%
Africa Nairobi
52%
Asia Ho Chi Minh City
49%
Europe Dusseldorf
48%
Europe Luxembourg
45%
Europe Basel
44%
Europe Tallinn
41%
Asia Muscat
39%
Europe Malaga
37%
Europe The Hague
37%
Europe Lausanne
23%
Europe Maastricht
8%
Europe Aachen
4%
No matching quizzes found
Score Distribution
Percent of People with Each Score
Percentile by Number Answered
Your Score History
You have not taken this quiz